Chris Jericho's WrestleMania Opponents - Statistics

General Stats
  • This quiz has been taken 189 times
  • The average score is 14 of 19
Answer Stats
Wrestlemania Opponent % Correct
WrestleMania 33 Kevin Owens
92%
WrestleMania X8 Triple H
92%
WrestleMania 21* Edge
90%
WrestleMania XXVI Edge
90%
WrestleMania XIX Shawn Michaels
86%
WrestleMania XXVIII CM Punk
84%
WrestleMania 2000 Chris Benoit
80%
WrestleMania 21* Chris Benoit
80%
WrestleMania 21* Kane
79%
WrestleMania XX Christian
76%
WrestleMania 21* Christian
76%
WrestleMania 2000 Kurt Angle
74%
WrestleMania 29 Fandango
73%
WrestleMania 32 AJ Styles
71%
WrestleMania 21* Shelton Benjamin
63%
WrestleMania 25 Rowdy Roddy Piper
54%
WrestleMania 25 Ricky "The Dragon" Steamboat
53%
WrestleMania 25 Jimmy "Superfly" Snuka
52%
WrestleMania X-7 William Regal
45%
No matching quizzes found
Score Distribution
Percent of People with Each Score
Percentile by Number Answered
Your Score History
You have not taken this quiz